<?xml version="1.0" encoding="UTF-8"?>
<record
    xmlns:xsi="http://www.w3.org/2001/XMLSchema-instance"
    xsi:schemaLocation="http://www.loc.gov/MARC21/slim http://www.loc.gov/standards/marcxml/schema/MARC21slim.xsd"
    xmlns="http://www.loc.gov/MARC21/slim">

  <leader>00971nam a22002057a 4500</leader>
  <controlfield tag="003">IT-MiCISF</controlfield>
  <controlfield tag="005">20201223145009.0</controlfield>
  <controlfield tag="008">201223b           ||||| |||| 00| 0 eng d</controlfield>
  <datafield tag="040" ind1=" " ind2=" ">
    <subfield code="c">IT-MiCISF</subfield>
  </datafield>
  <datafield tag="041" ind1=" " ind2=" ">
    <subfield code="a">it</subfield>
  </datafield>
  <datafield tag="100" ind1=" " ind2=" ">
    <subfield code="a">Bassetti Gualtiero (et al.)</subfield>
    <subfield code="9">58682</subfield>
  </datafield>
  <datafield tag="245" ind1=" " ind2=" ">
    <subfield code="a">Strade di felicit&#xE0; nell'alleanza uomo-donna (Amoris Laetitia 38)</subfield>
    <subfield code="b">XIX Settimana nazionale di studi sulla spiritualit&#xE0; coniugale e familialre, Assisi (PG) 28 aprile-1 maggio 2017</subfield>
  </datafield>
  <datafield tag="260" ind1=" " ind2=" ">
    <subfield code="a">Roma</subfield>
    <subfield code="b">CEI- Ufficio nazionale per la pastorale della famiglia</subfield>
    <subfield code="c">2018</subfield>
  </datafield>
  <datafield tag="300" ind1=" " ind2=" ">
    <subfield code="a">pp. 142</subfield>
  </datafield>
  <datafield tag="500" ind1=" " ind2=" ">
    <subfield code="a">pastorale-familiare, spiritualit&#xE0;-coniugale, spiritualit&#xE0;-familiare, diritto-canonico, magistero, amoris-laetitia</subfield>
  </datafield>
  <datafield tag="650" ind1=" " ind2=" ">
    <subfield code="a">pastorale-familiare</subfield>
    <subfield code="9">56039</subfield>
  </datafield>
  <datafield tag="654" ind1=" " ind2=" ">
    <subfield code="a">atti</subfield>
  </datafield>
  <datafield tag="700" ind1=" " ind2=" ">
    <subfield code="a">Gentili P.</subfield>
    <subfield code="a">Cioncolini T. e G.</subfield>
    <subfield code="a">Galantino N.</subfield>
    <subfield code="a">Melloni A.</subfield>
    <subfield code="a">Menichelli E.</subfield>
    <subfield code="a">Castellucci E.</subfield>
    <subfield code="a">Gronchi M.</subfield>
    <subfield code="a">Arroba Conde M.J.</subfield>
    <subfield code="a">Algeri E.</subfield>
    <subfield code="a">Gentili C. e L.</subfield>
    <subfield code="a">Meini M.</subfield>
    <subfield code="a">Paglia V.</subfield>
    <subfield code="9">58683</subfield>
  </datafield>
  <datafield tag="942" ind1=" " ind2=" ">
    <subfield code="2">ddc</subfield>
    <subfield code="c">DD</subfield>
  </datafield>
  <datafield tag="999" ind1=" " ind2=" ">
    <subfield code="c">359083</subfield>
    <subfield code="d">359083</subfield>
  </datafield>
  <datafield tag="952" ind1=" " ind2=" ">
    <subfield code="0">0</subfield>
    <subfield code="1">0</subfield>
    <subfield code="2">ddc</subfield>
    <subfield code="4">0</subfield>
    <subfield code="6">DP_5_250000000000000</subfield>
    <subfield code="7">1</subfield>
    <subfield code="a">CISF</subfield>
    <subfield code="b">CISF</subfield>
    <subfield code="d">2020-12-23</subfield>
    <subfield code="l">0</subfield>
    <subfield code="o">dp5/25</subfield>
    <subfield code="r">2020-12-23 00:00:00</subfield>
    <subfield code="w">2020-12-23</subfield>
    <subfield code="y">DD</subfield>
  </datafield>
</record>
